Т. 1; Основы математического анализа

Bibliografische gegevens
Parent link:Основы математического анализа: Учебник для вузов/ Г. М. Фихтенгольц. Т. 1.— , 1960-
Taal:Russisch
Gepubliceerd in: 1960
Editie:4-е изд., стер.
Onderwerpen:
Formaat: Boek
KOHA link:https://koha.lib.tpu.ru/cgi-bin/koha/opac-detail.pl?biblionumber=52871

MARC

LEADER 00000nam2a2200000 4500
001 52871
005 20231031043243.0
035 |a (RuTPU)RU\TPU\book\55421 
035 |a RU\TPU\book\26082 
090 |a 52871 
100 |a 20030606d1960 m y0rusy50 ca 
101 0 |a rus 
102 |a RU 
105 |a y j 000zy 
200 0 |a Т. 1 
205 |a 4-е изд., стер. 
210 |d 1960 
215 |a 440 с. 
461 1 |0 (RuTPU)RU\TPU\book\55420  |t Основы математического анализа  |o Учебник для вузов  |f Г. М. Фихтенгольц  |v Т. 1  |d 1960- 
610 1 |a математика 
610 1 |a математический анализ 
610 1 |a функции одной переменной 
610 1 |a пределы 
610 1 |a дифференцирование 
610 1 |a дифференциальные исчисления 
610 1 |a функции нескольких переменных 
610 1 |a неопределенные интегралы 
610 1 |a определенные интегралы 
610 1 |a интегральное исчисления 
610 1 |a история 
610 1 |a учебные пособия 
675 |a 517(075.8)  |v 3 
801 0 |a RU  |b 63413507  |c 20011209  |g PSBO 
801 2 |a RU  |b 63413507  |c 20140404  |g PSBO 
900 |a Математический анализ 
942 |c BK